The Little Data Book on Private Sector Development 2009 (Record no. 14361)

000 -LEADER
fixed length control field 01519cam a22003014a 4500
020 ## - INTERNATIONAL STANDARD BOOK NUMBER
ISBN 9780821378564
040 ## - CATALOGING SOURCE
Transcribing agency a
082 ## - DEWEY DECIMAL CLASSIFICATION NUMBER
Classification number 332 WOR 2009 A065 Or.
110 2# - MAIN ENTRY--CORPORATE NAME
Corporate name or jurisdiction name as entry element World Bank.
245 14 - TITLE STATEMENT
Title The Little Data Book on Private Sector Development 2009
260 ## - PUBLICATION, DISTRIBUTION, ETC. (IMPRINT)
Place of publication Washington, D.C. :
Name of publisher The World Bank,
Year of publication 2009.
300 ## - PHYSICAL DESCRIPTION
Number of Pages 1 online resource (232 p.)
490 1# - SERIES STATEMENT
Series statement World Development Indicators
520 3# - SUMMARY, ETC.
Summary, etc The Little Data Book on Private Sector Development 2009 is one of a series of pocket-sized books intended to provide a quick reference to development data on different topics. The Little Data Book on Private Sector Development 2009 provides data for more than 20 key indicators on business environment and private sector development in a single page for each of the World Bank member countries and other economies with populations of more than 30,000. These more than 200 country pages are supplemented by aggregate data for regional and income groupings.
650 #4 - SUBJECT ADDED ENTRY--TOPICAL TERM
Topical Term Access to Finance.
650 #4 - SUBJECT ADDED ENTRY--TOPICAL TERM
Topical Term Banks and Banking Reform.
650 #4 - SUBJECT ADDED ENTRY--TOPICAL TERM
Topical Term Currencies and Exchange Rates.
650 #4 - SUBJECT ADDED ENTRY--TOPICAL TERM
Topical Term Debt Markets.
650 #4 - SUBJECT ADDED ENTRY--TOPICAL TERM
Topical Term Economic Theory and Research.
650 #4 - SUBJECT ADDED ENTRY--TOPICAL TERM
Topical Term Emerging Markets.
650 #4 - SUBJECT ADDED ENTRY--TOPICAL TERM
Topical Term Finance and Financial Sector Development.
650 #4 - SUBJECT ADDED ENTRY--TOPICAL TERM
Topical Term Investment and Investment Climate.
650 #4 - SUBJECT ADDED ENTRY--TOPICAL TERM
Topical Term Macroeconomics and Economic Growth.
650 #4 - SUBJECT ADDED ENTRY--TOPICAL TERM
Topical Term Private Sector Development.
710 2# - ADDED ENTRY--CORPORATE NAME
Corporate name or jurisdiction name as entry element World Bank.
856 40 - ELECTRONIC LOCATION AND ACCESS
Uniform Resource Identifier http://elibrary.worldbank.org/content/book/9780821378540
942 ## - ADDED ENTRY ELEMENTS (KOHA)
Koha item type សៀវភៅភាសាអង់គ្លេស
952 ## - LOCATION AND ITEM INFORMATION (KOHA)
Withdrawn status [LOCAL, KOHA] 0
Holdings
Permanent Location Date acquired Koha item type Lost status Shelving location Barcode Current Location Full call number
Library Block A2017-10-13សៀវភៅភាសាអង់គ្លេស A065A21249Library Block A332 WOR 2009 A065 Or.
មជ្ឈមណ្ឌលឯការនៃសាកលវិទ្យាល័យភូមិន្ទកសិកម្មចំការដូង

Powered by Koha